| 000 | 004160000a22001690004500 | ||
|---|---|---|---|
| 003 | MACL | ||
| 005 | 20160106173707.0 | ||
| 008 | 160106b xxu||||| |||| 00| 0 eng d | ||
| 040 |
_aMACL _cMACL |
||
| 041 | _aEnglish | ||
| 082 | _a900/VEL | ||
| 100 |
_aVelikousky, Immanuel _929070 |
||
| 245 | _aAges in Chaos | ||
| 260 |
_bSidgwick & Jackson _c1953 _aLondon |
||
| 650 |
_aHistory _929071 |
||
| 942 |
_cBK _k900/Vel _2ddc |
||
| 999 |
_c35107 _d35107 |
||